[Event "SVK-ch U14"]
[Site "Tatralandia"]
[Date "2024.04.07"]
[Round "4"]
[White "Retkovsky, Dominik"]
[Black "Cerny, Patrik1"]
[Result "1/2-1/2"]
[WhiteElo "1192"]
[BlackElo "1613"]
[PlyCount "45"]
[EventDate "2024.04.05"]
[EventType "swiss"]
[EventRounds "9"]
[EventCountry "SVK"]
[SourceTitle "CB16_2024"]
[SourceDate "2024.04.17"]
[SourceVersion "1"]
[SourceVersionDate "2024.04.17"]
[SourceQuality "1"]

1. e4 e5 2. Nf3 Nc6 3. Bb5 a6 4. Bxc6 dxc6 5. 0-0 f6 6. Nc3 Bc5 7. d3 Ne7 8. Re1 Bg4 9. h3 Bh5 10. Be3 Bd6 11. a4 0-0 12. g4 Bf7 13. Nh4 Qe8 14. Kh1 h5 15. Qf3 hxg4 16. Qxg4 Bh5 17. Qg3 g5 18. Rg1 Kh8 19. Nf3 Rg8 20. h4 g4 21. Nd2 f5 22. exf5 Nxf5 23. Qg2 1/2-1/2